000 00942cam a2200241 a 4500
001 000014491
005 20200929163846.0
008 771205s1972 es a b 000 0 spadd
040 _aDO-SdBNP
_bspa
_cLC
_dBNPHU
082 _a307.772
_bA639i
100 1 _aAparicio Q., José Antonio.
_932723
245 1 0 _aIndígenas tarascos del Lago de Pátzcuaro :
_banálisis de un programa de desarrollo comunal en La Pacanda /
_cJose Antonio Aparicio Q.
260 _aSan Salvador, El Salvador :
_bMinisterio de Educación, Dirección de Cultura, Dirección de Publicaciones,
_c1972.
300 _a207 p. :
_bil. ;
_c21 cm.
490 1 _aPensamiento Social
_v2
500 _aIncluye notas al pie de las páginas.
504 _aBibliografía: p. 199-207.
650 4 _aTarascos
_932724
650 4 _aDesarrollo de la comunidad
_zMéxico
_932725
830 0 _aPensamiento Social ;
_v2
_932726
910 _aCatalogación por copia / LC
049 _aBNGR
999 _c14080
_d14080